Lên một kế hoạch tiếp thị hiệu quả theo phong cách Che Guevara: Chiến lược, chiến thuật, và vũ khí để "Thu lợi nhuận lớn từ một đầu tư nhỏ"
Guardat en:
| Autor principal: | |
|---|---|
| Format: | Llibre |
| Idioma: | Undetermined |
| Publicat: |
Tp. HCM
Trẻ
|
| Matèries: | |
| Etiquetes: |
Afegir etiqueta
Sense etiquetes, Sigues el primer a etiquetar aquest registre!
|
| Thư viện lưu trữ: | Trung tâm Học liệu Trường Đại học Cần Thơ |
|---|
| LEADER | 00716nam a2200193Ia 4500 | ||
|---|---|---|---|
| 001 | CTU_59370 | ||
| 008 | 210402s9999 xx 000 0 und d | ||
| 020 | |b 23000 | ||
| 082 | |a 658.8 | ||
| 082 | |b L665 | ||
| 100 | |a Jay Conrad Levinson | ||
| 245 | 0 | |a Lên một kế hoạch tiếp thị hiệu quả theo phong cách Che Guevara: Chiến lược, chiến thuật, và vũ khí để "Thu lợi nhuận lớn từ một đầu tư nhỏ" | |
| 245 | 0 | |c Jay Conrad Levinson; Thái Hùng Tâm biên dịch | |
| 260 | |a Tp. HCM | ||
| 260 | |b Trẻ | ||
| 650 | |a marketing | ||
| 650 | |x management | ||
| 904 | |i Minh | ||
| 980 | |a Trung tâm Học liệu Trường Đại học Cần Thơ | ||